• 首页
  • 本馆介绍
  • 公告通知
  • 最新文献
  • 馆藏检索
  • 电子资源
  • 读者导购
  • 参考咨询
  • 我的图书馆
  • 登录
  • 详细信息显示
  • 放入我的书架
  • 预约/预借图书
  • 作者相关作品
  • 分类相关作品
  • 丛书相关作品
  • 出版社相关作品

书目信息

  • 表格格式
  • 工作单格式
  • 卡片格式
题名:
中国式四百米模仿田径项目画法大全
    
 
作者: 吴大松
分册:  
出版信息:   北京农业大学出版社  1990.01
页数: 190页
开本: 16开
丛书名:
单 册:
中图分类: G818.1
科图分类:
主题词: 体育事业--世界
电子资源:
ISBN:
000 00566nam0 2200193 45
001 0308271020
005 20030827105620.6
010    @dRMB4.50
100    @a20030827d1990 km y0chiy0120 ea
101    @achi
105    @a z 000yy
200 1  @a中国式四百米模仿田径项目画法大全@Azhong guo shi si bai mi mo fang tian jing xiang mu hua fa da quan@f吴大松@Fwu da song
210    @c北京农业大学出版社@d1990.01
215    @a190页@c无图表@d16开
606 0  @a体育事业@x世界
690    @aG818.1@v3
701  0 @a吴大松
801    @aCN@b@c20030827
905    @aBZT@dG818.1@e66
    
    中国式四百米模仿田径项目画法大全/吴大松.-北京农业大学出版社,1990.01
    190页:无图表;16开
    
    
    ISBN :RMB4.50
    
●
相关链接 在五车中查询图书 在当当中查询图书 在豆瓣中查询图书


正题名:中国式四百米模仿田径项目画法大全     索取号:G818.1/66         预约/预借

序号 登录号 条形码 馆藏地/架位号 状态 备注
1 84724   200747790   中心书库北库/ 北库026架A面3列6层36/ [索取号:G818.1/66] 在馆    
2 84725   200747754   中心书库北库/ 北库026架A面3列6层37/ [索取号:G818.1/66] 在馆    
3 84726   200747772   中心书库北库/ 北库026架A面3列6层34/ [索取号:G818.1/66] 在馆    
4 84727   200747781   中心书库北库/ 北库026架A面3列6层38/ [索取号:G818.1/66] 在馆    
5 84728   200747807   中心书库北库/ 北库026架A面3列6层35/ [索取号:G818.1/66] 在馆    
山东省滨州职业学院图书馆 欢迎您!
大连网信软件有限公司© 版权所有